| 000 | 00924nam a2200265 a 4500 | ||
|---|---|---|---|
| 001 | 34906 | ||
| 003 | BD-RjUL | ||
| 005 | 20211209052229.0 | ||
| 008 | 140519s1939 enk 000 0 eng | ||
| 035 | _a(BD-RjUL)35000 | ||
| 040 |
_aDLC _cDLC _dBD-RjUL _beng |
||
| 041 | _aeng | ||
| 082 |
_a901 _bTOS V-5 P-1 1962 |
||
| 100 | 1 |
_aToynbee, Arnold, _d1889-1975. _9106267 |
|
| 245 | 1 | 2 |
_aA study of history / _c Arnold Toynbee. _nVolume 5, _pThe Disitegration of Civilizations, _nPart One . |
| 260 |
_aLondon : _bOxford University Press, _c1939 [Reprinted 1962] |
||
| 300 |
_a612 p. : _btables (1 fold.) ; _c23 cm. |
||
| 500 | _a"Issued under the auspices of the Royal Institute of International Affairs." | ||
| 500 | _aIndex to v. 1-3 at end of v. 3; to v. 4-6 at end of v. 6. | ||
| 650 | 0 |
_aCivilization. _9106268 |
|
| 650 | 0 |
_aHistory _xPhilosophy. _9106269 |
|
| 942 |
_2ddc _cBK |
||
| 999 |
_c34906 _d34906 |
||